• 首页
  • 本馆介绍
  • 公告通知
  • 最新文献
  • 馆藏检索
  • 电子资源
  • 读者导购
  • 参考咨询
  • 我的图书馆
  • 登录
  • 详细信息显示
  • 放入我的书架
  • 预约/预借图书
  • 作者相关作品
  • 分类相关作品
  • 丛书相关作品
  • 出版社相关作品

书目信息

  • 表格格式
  • 工作单格式
  • 卡片格式
题名:
甜樱桃优质高效生产技术
    
 
作者: 韩凤珠 , 赵岩 主编
分册:  
出版信息: 北京   化学工业出版社  2019重印
页数: 170页
开本: 24cm
丛书名:
单 册:
中图分类: S662.5
科图分类:
主题词: 樱桃--Ying Tao--果树园艺
电子资源:
ISBN: 978-7-122-29926-0
000 01007nam0 2200265 45
001 012001001000
005 20191108095638.26
010    @a978-7-122-29926-0@dCNY38.00
099    @aCAL 012017154598
100    @a20171103d2017 em y0chiy50 ea
101 0  @achi
102    @aCN@b110000
105    @aafk a 000yy
106    @ar
200 1  @a甜樱桃优质高效生产技术@ATian Ying Tao You Zhi Gao Xiao Sheng Chan Ji Shu@f韩凤珠, 赵岩主编
205    @a第2版
210    @a北京@c化学工业出版社@d2019重印
215    @a170页@c图@d24cm
330    @a本书结合我国近年制定的相关标准与新规程,详细介绍了甜樱桃露地和设施高效栽培技术,包括甜樱桃的园址选择、建园技术、品种选择、苗木培育、土肥水管理、病虫草害以及营养缺乏的防治、整形修剪等关键技术,并对生产中经常出现的问题以及解决对策作了重点阐述。
606 0  @a樱桃@AYing Tao@x果树园艺
690    @aS662.5@v5
701  0 @a韩凤珠@AHan Feng Zhu@4主编
701  0 @a赵岩@AZhao Yan@4主编
801  0 @aCN@b北京卓展文化@c20191020
905    @b1201281-4@dS662.5@e518=2@f4
    
    甜樱桃优质高效生产技术/韩凤珠, 赵岩主编.-第2版.-北京:化学工业出版社,2019重印
    170页:图;24cm
    
    
    ISBN 978-7-122-29926-0:CNY38.00
    本书结合我国近年制定的相关标准与新规程,详细介绍了甜樱桃露地和设施高效栽培技术,包括甜樱桃的园址选择、建园技术、品种选择、苗木培育、土肥水管理、病虫草害以及营养缺乏的防治、整形修剪等关键技术,并对生产中经常出现的问题以及解决对策作了重点阐述。
●
相关链接 在E读中查询图书 在五车中查询图书 在当当中查询图书 在豆瓣中查询图书


正题名:甜樱桃优质高效生产技术     索取号:S662.5/518=2         预约/预借

序号 登录号 条形码 馆藏地/架位号 状态 备注
1 1201281   212012819   第二样本阅览室/ [索取号:S662.5/518=2] 在馆    
2 1201282   212012828   第三借阅区/ [索取号:S662.5/518=2] 在馆    
3 1201283   212012837   第三借阅区/ [索取号:S662.5/518=2] 在馆    
4 1201284   212012846   第三借阅区/ [索取号:S662.5/518=2] 在馆    
唐山师范学院图书馆 欢迎您!
大连网信软件有限公司© 版权所有